Mitski Albums by Cover - Statistics

General Stats
  • This quiz has been taken 58 times
  • The average score is 7 of 8
Answer Stats
Picture Answer % Correct
Lush
98%
Be the Cowboy
94%
Puberty 2
94%
Bury Me at Makeout Creek
88%
Laurel Hell
88%
The Land is Inhospitable and So Are We
83%
Retired from Sad, New Career in Business
65%
Audiotree Live
50%
No matching quizzes found
Score Distribution
Percent of People with Each Score
Percentile by Number Answered
Your Score History
You have not taken this quiz